| 000 | 00515nam a2200181Ia 4500 | ||
|---|---|---|---|
| 005 | 20250326124624.0 | ||
| 008 | 250326s9999 xx 000 0 und d | ||
| 037 | _aTextbook | ||
| 040 |
_aFMSL _beng _cFMSL |
||
| 041 |
_aeng _2eng |
||
| 084 |
_aX:8oaS L0 _qFMSL |
||
| 100 |
_aSchmidt W H _9737677 |
||
| 245 | 0 |
_aOrganizational frontiers and human values _cSchmidt W H |
|
| 260 |
_aCalifornia _bCalifornia, Wadsworth _c1970 |
||
| 300 | _a190p | ||
| 942 |
_cTB _hX:8oaS L0 |
||
| 999 |
_c1274438 _d1274438 |
||